000 00408nam a22001697a 4500
003 OSt
005 20260330142453.0
008 260330b |||||||| |||| 00| 0 eng d
020 _a9788123914886
040 _cIIMT UNIVERSITY MEERUT
100 _a E.E. Jarald
245 _aTextbook of Pharmacognosy And Phytochemistry
250 _a2022
260 _aNEW DELHI
_bCBS
300 _a586
942 _2ddc
_c01
999 _c67767
_d67767